00683nam a2200205Ia 4500008004100000020001800041041000800059082001800067100002200085245005000107260004800157300000800205365001300213650003900226650004100265650004200306942001200348999001900360952009800379140306s9999 xx 000 0 und d a9788131419625 aeng a380.1bBAL/CL aBala Bhaskaran, P aCluster Initiatives:Engine of Economic Growth aHyderabadbThe ICFAI University Pressc2008 a245 bRs.425/- aA framework for Clusterinitiatives aExperiences from developed countries aExperiences from developing countries 2ddccBK c187436d187436 00102ddc4070aKAUCBVbKAUCBVg425.00l0o380.1 BAL/CLr2014-03-22 00:00:00w2014-03-22yBK